| 000 -LEADER |
| fixed length control field |
01935pam a22002774a 4500 |
| 005 - DATE AND TIME OF LATEST TRANSACTION |
| control field |
20131016054255.0 |
| 008 - FIXED-LENGTH DATA ELEMENTS--GENERAL INFORMATION |
| fixed length control field |
050105s2005 nyua b 001 0 eng |
| 020 ## - INTERNATIONAL STANDARD BOOK NUMBER |
| International Standard Book Number |
0765614898 |
| 041 0# - LANGUAGE CODE |
| Language code of text/sound track or separate title |
eng |
| 080 ## - UNIVERSAL DECIMAL CLASSIFICATION NUMBER |
| Universal Decimal Classification number |
32 BIR |
| 100 1# - Rafti |
| Rafti |
Birkland, Thomas A. |
| 245 10 - TITLE STATEMENT |
| Title |
An introduction to the policy process : |
| Statement of responsibility, etc |
Thomas A. Birkland. |
| 250 ## - |
| -- |
2nd ed. |
| 260 ## - |
| -- |
Armonk, N.Y. : |
| -- |
M.E. Sharpe, |
| -- |
c2005. |
| 300 ## - |
| -- |
xxi, 297 p. : |
| -- |
ill. ; |
| -- |
24 cm. |
| 500 ## - |
| -- |
Preface f. : XI - XV |
| 504 ## - BIBLIOGRAPHY, ETC. NOTE |
| Bibliography, etc |
Includes bibliographical references (p. 269-279) and index. |
| 505 00 - |
| -- |
Preface to the second edition : the policy process after September 11 : change amid stability -- |
| -- |
1. |
| -- |
The study and practice of public policy -- |
| -- |
2. |
| -- |
The historical and structural context of public policy making -- |
| -- |
3. |
| -- |
Official actors and their roles in public policy -- |
| -- |
4. |
| -- |
Unofficial actors and their roles in public policy -- |
| -- |
5. |
| -- |
Agenda setting, power, and interest groups -- |
| -- |
6. |
| -- |
Policies and policy types -- |
| -- |
7. |
| -- |
Policy design and policy tools -- |
| -- |
8. |
| -- |
Policy implementation and policy failure -- |
| -- |
9. |
| -- |
Putting it all together : models of the policy process -- |
| -- |
App. |
| -- |
Public policy research on the Web. |
| 520 1# - |
| -- |
"An Introduction to the Policy Process is intended for students in either academic or professional programs. The author's direct writing style and extensive use of examples will also appeal to practitioners. The book offers an extensive overview of the best current thinking on the policy process, with an emphasis on accessibility and synthesis rather than novelty or abstraction."--BOOK JACKET. |
| 650 #0 - |
| -- |
Shkenca politike |
| 650 #0 - |
| -- |
Politika sociale |
| -- |
United States. |
| 650 12 - |
| -- |
Politika botërore |
| -- |
United States. |
| 856 41 - |
| -- |
Table of contents |
| -- |
http://www.loc.gov/catdir/toc/ecip056/2005000001.html |
| 942 ## - ADDED ENTRY ELEMENTS (KOHA) |
| Source of classification or shelving scheme |
|
| Item type |
Books |
| 948 1# - LOCAL PROCESSING INFORMATION (OCLC); SERIES PART DESIGNATOR (RLIN) |
| Series part designator, SPT (RLIN) |
20051102 |
| b (OCLC) |
c |
| c (OCLC) |
jv5 |
| d (OCLC) |
MPS |